Θανάσιμα ώριμος : μυθιστόρημα
Saved in:
| Main Author: | |
|---|---|
| Format: | Book |
| Language: | Greek |
| Published: |
Λευκωσία :
Νικοκρέων Λτδ.,
2007
|
| Series: | Κυπριακή Λογοτεχνία
|
| Subjects: | |
| Tags: |
Add Tag
No Tags, Be the first to tag this record!
|
MARC
| LEADER | 00000cam a2200000 i 4500 | ||
|---|---|---|---|
| 001 | 1/22425 | ||
| 008 | 120808s2007 gre d | ||
| 020 | |a 9963-8844-6-6 | ||
| 035 | |l 10113055 | ||
| 040 | |a GR-MY-UA |b gre |e aacr | ||
| 041 | 0 | |a gre | |
| 082 | 0 | |a 889.37 ΣΟΦ |2 (22) | |
| 100 | 1 | |a Σοφοκλέους, Ανδρέας Κλ. | |
| 245 | 1 | 0 | |a Θανάσιμα ώριμος : |b μυθιστόρημα / |c Ανδρέας Κλ. Σοφοκλέους |
| 260 | |a Λευκωσία : |b Νικοκρέων Λτδ., |c 2007 | ||
| 300 | |a 197 σ.; |c 21 εκ. | ||
| 490 | 1 | |a Κυπριακή Λογοτεχνία | |
| 650 | 0 | 0 | |a Cyprian literature. |
| 650 | 0 | 0 | |a Greek literature, Modern |z Cyprus. |
| 830 | 0 | |a Κυπριακή Λογοτεχνία | |
| 852 | |a INST |b RHODES |e 20120808 |h 889.37 ΣΟΦ |p 005400034476 |q 005400034476 |t BK |y 0 | ||
| 901 | |a BIBL4-2012-2 | ||
| 909 | |a Ρ |b 171113 | ||
| 922 | |a 4ΕΛΗ | ||
| 970 | |z 2012/08/08 | ||